Normal view
MARC view
- عبيد،ماجدة السيد
Entry Personal Name
001 - CONTROL NUMBER
- control field: 30928
003 - CONTROL NUMBER IDENTIFIER
- control field: JO-AjAnu
005 - DATE AND TIME OF LATEST TRANSACTION
- control field: 20230606075219.0
008 - FIXED-LENGTH DATA ELEMENTS
- fixed length control field: 230606|| aca||aabn | a|a d
040 ## - CATALOGING SOURCE
- Original cataloging agency: JO-AjAnu
- Transcribing agency: JO-AjAnu
100 ## - HEADING--PERSONAL NAME
- Personal name: عبيد،ماجدة السيد
670 ## - SOURCE DATA FOUND
- Source citation: Work cat.: (JO-AjAnu)15883: عبيد،ماجدة السيد, author, مدخل إلى التربية الخاصة